Tilastot visalle Sanat: Kiitos ei ole kirosana - Haloo Helsinki

Klikkaa tästä pelataksesi tätä visaa!

Yleistilastot

  • Tätä visaa on pelattu 243 kertaa
  • Keskiarvotulos 202 / 278

Vastaustilastot

Sanat% Oikein
Ei
99%
ei
99%
kiitos
95%
Kiitos
95%
oo
95%
oo,
95%
kirosana
94%
92%
ja
90%
Ja
90%
se
89%
et
86%
Et
86%
kun
84%
Kun
84%
jos
83%
vai
83%
voi
83%
on
81%
saa
80%
Mies
79%
lasta
78%
auttamaan
77%
meni
77%
Miks
75%
miks
75%
Täällä
75%
täällä
75%
vesi
75%
Eikä
74%
huutaa
74%
itkevää
74%
katsomaan
74%
maailma
74%
pedoksi
74%
sivuun
74%
viiniksi
74%
syytettiin
73%
Äiti
72%
auki
72%
Jäät
72%
niin
72%
Saat
72%
saat
72%
suuta
72%
elämä
71%
Kysy
71%
Mut
71%
Nainen
71%
oli
71%
pelastaa
71%
sydänkohtaus
71%
uskonu
71%
huudat
70%
kadulla
70%
oot
70%
Sitä
70%
sitä
70%
vaan
70%
vielä
70%
helvetin
69%
kaatuu
69%
moi
69%
sekaisin
69%
Aina
68%
elämään
68%
hulluuttaan
68%
meit
68%
päivään
68%
paluuta
68%
seuraavaan
68%
silmiin
68%
tahtois
68%
takaisin
68%
maahan
67%
sanoa
67%
vankilaan
67%
äänes
66%
ajan
65%
auteta,
65%
joutua
65%
kiinni
65%
kukaan
65%
kuulumaan
65%
lujempaa
65%
sanotaan
65%
tappamisesta
65%
vaikka
65%
voimaa
65%
aika
64%
Haloo
64%
katsoo
64%
vaikeeta
64%
tappaa
63%
Nouset
62%
voittajana
62%
ylös
62%
meitä
61%
kulmiin
59%
pyöreisiin
59%
Tai
59%
törmätään
59%
mitä
58%
tilaa
56%
pitäskö
55%
etten
53%
kasvatus
53%
kivaa
53%
pyydät
53%
anteeks,
52%
anteeks
52%
joku
52%
Joku
52%
Koska
52%
pataan
51%
taas
51%
tietokoneen
51%
Googlesta
50%
löydy
50%
moneen
48%
Hannu
47%
Kerttua
47%
hommat
45%
ole
45%
tuomita
45%
vaihtuu
45%
Eli
44%
piparia
44%
Rakastiko
42%
koskaan
41%
koteja
41%
rullaa
41%
saada
41%
tarttua
41%
tietää
40%
heti
38%
joskus,
38%
kuin
38%
kunnolla
38%
ettet
37%
varo
37%
hymyile
36%
ylipaino
35%
yksinäisyys
34%
vaino
33%
luottamus
32%
parempi
32%
vaarallisempaa
31%
kellekään
30%
makaamaan
4%

Tulosjakauma

Persentiili vastausten määrän mukaan

Jokaisen tuloksen saaneiden osuus

Tuloshistoriasi

Et ole pelannut tätä visaa